| 000 | 00399nam a2200133 a 4500 | ||
|---|---|---|---|
| 005 | 20141022142007.0 | ||
| 008 | 110309s19uu xx 00 eng d | ||
| 050 |
_aVCD _bM54 200? |
||
| 100 | _aMercado, Cesar | ||
| 245 | _aMost frequent questions asked in social research and their logical answers. | ||
| 260 |
_aQuezon City : _bDCAAP, _c200?. |
||
| 650 | _aSocial research- Writing. | ||
| 942 | _cAVM | ||
| 999 |
_c276578 _d276578 |
||